Seni Tradisi Masyarakat yang Kian Luput / (Record no. 189078)

MARC details
000 -LEADER
fixed length control field 00937nam a2200277 ia4500
005 - DATE AND TIME OF LATEST TRANSACTION
control field 20220914151344.0
008 - FIXED-LENGTH DATA ELEMENTS--GENERAL INFORMATION
fixed length control field 220914s2022 my o|||j |||| 00| 0 may d
020 ## - INTERNATIONAL STANDARD BOOK NUMBER
International Standard Book Number 9789672966265
Qualifying information set
International Standard Book Number 9789672966227
Terms of availability RM42.00
Qualifying information paperback
040 ## - CATALOGING SOURCE
Original cataloging agency PPAK
Language of cataloging eng
Transcribing agency PPAK
Description conventions rda
082 04 - DEWEY DECIMAL CLASSIFICATION NUMBER
Edition number 23
Classification number 306.09595
090 00 - LOCALLY ASSIGNED LC-TYPE CALL NUMBER (OCLC); LOCAL CALL NUMBER (RLIN)
Classification number (OCLC) (R) ; Classification number, CALL (RLIN) (NR) 306.09595
Feature heading NOR
Feature heading K
100 0# - MAIN ENTRY--PERSONAL NAME
Personal name Norzianah Mohd Nor,
Dates associated with a name 1970-
Relator term author.
245 10 - TITLE STATEMENT
Title Seni Tradisi Masyarakat yang Kian Luput /
Statement of responsibility, etc. Norzianah Mohd Nor
264 #1 - PRODUCTION, PUBLICATION, DISTRIBUTION, MANUFACTURE, AND COPYRIGHT NOTICE
Place of production, publication, distribution, manufacture Cheras, Kuala Lumpur :
Name of producer, publisher, distributor, manufacturer PENERBIT MINDA TEGUH,
Date of production, publication, distribution, manufacture, or copyright notice 2022
300 ## - PHYSICAL DESCRIPTION
Extent 48 pages :
Other physical details colour photographs ;
Dimensions 26 cm.
336 ## - CONTENT TYPE
Source rdacontent
Content type term text
337 ## - MEDIA TYPE
Source rdamedia
Media type term unmediated
338 ## - CARRIER TYPE
Source rdacarrier
Carrier type term volume
490 1# - SERIES STATEMENT
Series statement Siri Sejarah Budaya Malaysia
650 10 - SUBJECT ADDED ENTRY--TOPICAL TERM
Topical term or geographic name entry element Culture
Geographic subdivision Malaysia
651 #0 - SUBJECT ADDED ENTRY--GEOGRAPHIC NAME
Geographic name Malaysia
General subdivision Cultural policy
Geographic name Malaysia
General subdivision Social life and customs
830 #0 - SERIES ADDED ENTRY--UNIFORM TITLE
Uniform title Siri sejarah budaya Malaysia
942 ## - ADDED ENTRY ELEMENTS (KOHA)
Source of classification or shelving scheme Dewey Decimal Classification
Koha item type Book
Holdings
Withdrawn Not for loan Current library Shelving location Date acquired Total Checkouts Full call number Barcode Date last seen Koha item type
    Perpustakaan Alor Setar Pinjaman Kanak-kanak 27/09/2022   K 306.09595 NOR A01749176 27/09/2022 Book
    Perpustakaan Awam Sungai Petani Pinjaman Kanak-kanak 27/09/2022   K 306.09595 NOR A01749177 27/09/2022 Book
    Perpustakaan Baling Pinjaman Kanak-kanak 27/09/2022   K 306.09595 NOR A01749181 27/09/2022 Book
    Perpustakaan Bandar Baharu Pinjaman Kanak-kanak 27/09/2022   K 306.09595 NOR A01749182 27/09/2022 Book
    Perpustakaan Jitra Pinjaman Kanak-kanak 27/09/2022   K 306.09595 NOR A01749178 27/09/2022 Book
    Perpustakaan Kuala Nerang Pinjaman Kanak-kanak 27/09/2022   K 306.09595 NOR A01749186 27/09/2022 Book
    Perpustakaan Kulim Pinjaman Kanak-kanak 27/09/2022   K 306.09595 NOR A01749180 27/09/2022 Book
    Perpustakaan Langkawi Pinjaman Kanak-kanak 27/09/2022   K 306.09595 NOR A01749179 27/09/2022 Book
    Perpustakaan Merbok Pinjaman Kanak-kanak 27/09/2022   K 306.09595 NOR A01749183 27/09/2022 Book
    Perpustakaan Pendang Pinjaman Kanak-kanak 27/09/2022   K 306.09595 NOR A01749187 27/09/2022 Book
    Perpustakaan Sik Pinjaman Kanak-kanak 27/09/2022   K 306.09595 NOR A01749185 27/09/2022 Book
    Perpustakaan Yan Pinjaman Kanak-kanak 27/09/2022   K 306.09595 NOR A01749184 27/09/2022 Book
    Bergerak 3, Baling Pinjaman Kanak-kanak 27/09/2022   K 306.09595 NOR A01749190 27/09/2022 Book
    Bergerak 4, Sungai Petani Pinjaman Kanak-kanak 27/09/2022   K 306.09595 NOR A01749191 27/09/2022 Book
    Bergerak 5, Kulim Pinjaman Kanak-kanak 27/09/2022   K 306.09595 NOR A01749192 27/09/2022 Book